| 000 | 00929nam a22002297a 4500 | ||
|---|---|---|---|
| 999 |
_c2426 _d2426 |
||
| 003 | AR-CdUCM | ||
| 008 | 190304b ||||| |||| 00| 0 spa d | ||
| 040 |
_aMUNICIPALIDAD PROVINCIAL DEL CUSCO _cBIBLIOTECA MUNICIPAL DEL CUSCO |
||
| 082 |
_22ed. _a232.962 / _bC92 |
||
| 100 |
_aCruzado Balcazar, Alejandro _98712 |
||
| 245 |
_aEl Proceso a Jesucristo : _bEl Holocausto mesiánico visto por una Abogado / |
||
| 260 |
_aTrujillo : _bEmpresa Editora Nuevo Norte, _c2000. |
||
| 300 |
_a344 paginas ; _c23cm. |
||
| 500 | _aReferente a la condena de Jesucristo, desde el punto de vista jurídico e histórico | ||
| 505 | _aContenido -- El cristianismo -- Jesucristo -- El proceso -- Pena de muerte por crucifixión -- Cronologia del suplicio y del progreso... | ||
| 650 |
_aAspectos Juridicos _95026 |
||
| 650 |
_aProcesos _98713 |
||
| 650 |
_aJesucristo _98714 |
||
| 650 |
_aLiteratura _983 |
||
| 942 |
_2ddc _cLIBROS |
||
| 945 | _apjha | ||